000 00716nam a2200253Ia 4500
003 OSt
005 20220918203737.0
006 a|||||r|||| 00| 0
007 ta
008 220917b |||||||| |||| 00| 0 eng d
024 _a109,654
037 _cTextual
040 _aARTS
_cARTS
_beng
041 _2eng
_aeng
082 _aV4653.C, L4
100 _aHeaton E W
_9109643
245 0 _aSolmen's new Man
_b The emergence of anceint Israel as a national state
260 _aLondon
_bThames and Hudson
_c1974
300 _a211p.
_ccm.
490 _aCurrent in the history of culture and ideas
650 _aHISTORY
942 _hV4653.C, L4
_cTEXL
_2CC
999 _c233004
_d233004